Quiz sur la Meurthe-et-Moselle - Statistiques

Statistiques générales
  • Ce quiz a été pris 175 fois
  • Le résultat moyen est 15 sur 20
Statistiques - réponses
Question Réponse % Correct
Numéro du département 54
100%
Préfecture et plus grande ville Nancy
98%
Région Grand-Est
97%
Moselle
94%
Luxembourg
92%
Pays limitrophes Belgique
91%
Vosges
90%
Départements limitrophes Meuse
88%
Fruit emblématique considéré comme l'or jaune de la région. Mirabelle
81%
Place mythique de la préfecture inscrite au patrimoine mondiale de l'Unesco et considérée par Lonely Planet comme la 4ème plus belle du monde. Place Stanislas
81%
Bas-Rhin
77%
Parc naturel régional présent dans le centre du département dont le nom est tiré de l'ancienne région à laquelle appartenait la Meurthe-et-Moselle. Parc naturel régional de Lorraine
75%
Lunéville
67%
Toul
67%
Présentatrice de télévision née Karine Mfayokurera dans le département. Karine Le Marchand
65%
Commune de l'extrême nord du département connue pour sa citadelle Vauban, ses émaux et son passé dans la sidérurgie. Longwy
64%
Gentilé Meurthe-et-Mosellans / Meurthois
62%
Sous-préfectures Briey
42%
Nombre d'habitants (arrondi à la dizaine de milliers d'habitants) 730 000 (733 481)
27%
Type de centrale qui s'étend sur 367 hectares à Rosières-en-Haye, la plus importante d'Europe. Centrale solaire
26%
Aucun quiz correspondant
Distribution des résultats
% des personnes avec chaque résultat
Percentile par nombre de réponses
Votre historique - résultats
Vous n’avez pas pris ce quiz